书目信息 |
| 题名: |
辽史纪事本末 四十卷
|
|
| 作者: | 李有棠 著 | |
| 分册: | 下 | |
| 出版信息: | 北京 中华书局 1983.1 |
|
| 页数: | 393-727页 | |
| 开本: | 20cm | |
| 丛书名: | ||
| 单 册: | ||
| 中图分类: | K246.1 | |
| 科图分类: | ||
| 主题词: | 中国--古代史--辽代(916~1125) , 中国--古代史--西辽(1124~1218) | |
| 电子资源: | ||
| ISBN: | ||
| 000 | 00655nam0 2200217 45 | |
| 001 | 0312221749 | |
| 005 | 20050419170052.4 | |
| 010 | @dCNY2.80 | |
| 091 | @a11018.1089 | |
| 100 | @a20031222d1983 km y0chiy0120 ea | |
| 101 | @achi | |
| 105 | @a z 000yy | |
| 200 | 1 | @a辽史纪事本末 四十卷@h下@h卷二O至卷四O@ALiao Shi Ji Shi Ben Mo Si Shi Juan@f(清)李有棠著@F(Qing)Li You Tang Zhu |
| 210 | @a北京@c中华书局@d1983.1 | |
| 215 | @a393-727页@d20cm | |
| 606 | 0 | @a中国@x古代史@z辽代(916~1125) |
| 606 | 0 | @a中国@x古代史@z西辽(1124~1218) |
| 690 | @aK246.1@v3 | |
| 701 | 0 | @a李有棠@4著 |
| 801 | @aCN@bTSTCL@c20031222 | |
| 905 | @dK246.1@e5:2@b153391@f1 | |
| 辽史纪事本末 四十卷.下.卷二O至卷四O/(清)李有棠著.-北京:中华书局,1983.1 |
| 393-727页;20cm |
| ISBN :CNY2.80 |
| ● |
| 相关链接 |
|
|
|
|
正题名:辽史纪事本末 四十卷
索取号:K246.1/5:2
 
预约/预借
| 序号 | 登录号 | 条形码 | 馆藏地/架位号 | 状态 | 备注 |
| 1 | 0092877 | 000643254 | 第二借阅区/ [索取号:K246.1/5:2] | 在馆 | |
| 2 | 0092878 | 000564874 | 第二借阅区/ [索取号:K246.1/5:2] | 在馆 | |
| 3 | 0092879 | 000643272 | 第二样本阅览室/ [索取号:K246.1/5:2] | 在馆 | |
| 4 | 0153390 | 000643165 | 第二借阅区/ [索取号:K246.1/5:2] | 在馆 | |
| 5 | 0153391 | 001989557 | 第二借阅区/ [索取号:K246.1/5:2] | 在馆 | |
| 6 | 0153392 | 000643174 | 第二借阅区/ [索取号:K246.1/5:2] | 在馆 |